चिमणरावाचा ' गजरा ' इतर प्रहसने (Record no. 113013)

MARC details
000 -LEADER
fixed length control field 00665nam a2200169Ia 4500
008 - FIXED-LENGTH DATA ELEMENTS--GENERAL INFORMATION
fixed length control field 090124s9999 xx 000 0 und d
082 ## - DEWEY DECIMAL CLASSIFICATION NUMBER
Item number 46789
100 ## - MAIN ENTRY--PERSONAL NAME
Personal name प्रभावळकर दिलीप
245 ## - TITLE STATEMENT
Title चिमणरावाचा ' गजरा ' इतर प्रहसने
250 ## - EDITION STATEMENT
Edition statement 0
300 ## - PHYSICAL DESCRIPTION
Extent 150
600 ## - SUBJECT ADDED ENTRY--PERSONAL NAME
Personal name प्रभावळकर दिलीप
630 ## - SUBJECT ADDED ENTRY--UNIFORM TITLE
Uniform title चिमणरावाचा ' गजरा ' इतर प्रहसने
700 ## - ADDED ENTRY--PERSONAL NAME
Personal name प्रभावळकर दिलीप
730 ## - ADDED ENTRY--UNIFORM TITLE
Uniform title चिमणरावाचा ' गजरा ' इतर प्रहसने
942 ## - ADDED ENTRY ELEMENTS (KOHA)
Koha item type Book
Holdings
Withdrawn status Lost status Damaged status Not for loan Home library Current library Date acquired Cost, normal purchase price Total Checkouts Full call number Barcode Date last seen Cost, replacement price Price effective from Koha item type
        Nagar Wachan Mandir, Thane Nagar Wachan Mandir, Thane   125.00   46789 THNNWM-46789 01/24/2009 125.00 01/24/2009 Book